[Event "Mittelfrank Regionalliga Sud-Ost 2223"]
[Site "Mittelfranken"]
[Date "2023.04.23"]
[Round "9.2"]
[White "Goderbauer, Benedikt"]
[Black "Stoettner, Lukas"]
[Result "0-1"]
[WhiteElo "2097"]
[BlackElo "2080"]
[PlyCount "72"]
[EventDate "2022.10.09"]
[EventType "team-tourn"]
[EventRounds "9"]
[EventCountry "GER"]
[SourceTitle "EXT 2024"]
[Source "ChessBase"]
[SourceDate "2023.10.10"]
[SourceVersion "1"]
[SourceVersionDate "2023.10.10"]
[SourceQuality "1"]
[WhiteTeam "Moosburg"]
[BlackTeam "Landau Dingolfing"]
[WhiteTeamCountry "GER"]
[BlackTeamCountry "GER"]

1. d4 Nf6 2. c4 g6 3. Nc3 Bg7 4. e4 d6 5. Nf3 0-0 6. Be2 e5 7. d5 a5 8. Bg5 h6 9. Bh4 Na6 10. Nd2 Bd7 11. 0-0 Nc5 12. b3 Nfxe4 13. Bxd8 Nxc3 14. Qe1 Raxd8 15. Rc1 e4 16. Rxc3 Bxc3 17. Qc1 Bg7 18. a3 f5 19. b4 axb4 20. axb4 Na4 21. Nb1 b6 22. Qa3 f4 23. Re1 Rde8 24. Bf1 Bd4 25. Rd1 Bg7 26. Re1 Kh7 27. Nd2 Nc3 28. Nb3 Ra8 29. Qc1 Ra2 30. c5 Ba4 31. cxd6 Bxb3 32. dxc7 Bxd5 33. Rd1 Nxd1 34. Qxd1 Be6 35. Qd6 Bc8 36. Qd5 Ra1 0-1

[Event "Oberbayern Bezirksliga 1617"]
[Site "Germany"]
[Date "2017.03.19"]
[Round "7.2"]
[White "Goderbauer, Benedikt"]
[Black "Glawe, Ralf"]
[Result "0-1"]
[WhiteElo "1953"]
[BlackElo "2046"]
[PlyCount "70"]
[EventDate "2016.10.16"]
[EventType "team-tourn"]
[EventRounds "9"]
[EventCountry "GER"]
[SourceTitle "EXT 2019"]
[Source "ChessBase"]
[SourceDate "2018.10.10"]
[SourceVersion "1"]
[SourceVersionDate "2018.10.10"]
[SourceQuality "1"]
[WhiteTeam "Moosburg SC"]
[BlackTeam "Ingolstadt"]
[WhiteTeamCountry "GER"]
[BlackTeamCountry "GER"]

1. d4 Nf6 2. c4 e6 3. g3 Bb4+ 4. Bd2 Qe7 5. Bg2 Nc6 6. Nf3 Bxd2+ 7. Nbxd2 a5 8. 0-0 d6 9. Re1 e5 10. d5 Nb8 11. h3 0-0 12. e3 Na6 13. Nf1 Nc5 14. g4 Nfe4 15. N3h2 Qh4 16. Bxe4 Nxe4 17. Qf3 f5 18. Qg2 Ng5 19. Re2 Nxh3+ 20. Kh1 fxg4 21. Ng3 Ng5 22. e4 Nf3 23. Rf1 Rf6 24. Rg1 Bd7 25. Re3 Nxg1 26. Kxg1 Raf8 27. Nf5 Bxf5 28. exf5 Rxf5 29. Nxg4 Rg5 30. Rg3 h5 31. Ne3 Rxg3 32. fxg3 Qg5 33. Nf1 Qc1 34. Qh3 Rxf1+ 35. Qxf1 Qxf1+ 0-1

[Event "Landesliga U20 Sued 1617"]
[Site "Bayern"]
[Date "2016.12.10"]
[Round "2.1"]
[White "Goderbauer, Benedikt"]
[Black "Pils, Martina"]
[Result "1-0"]
[WhiteElo "1953"]
[BlackElo "1572"]
[PlyCount "71"]
[EventDate "2016.11.12"]
[EventType "team-tourn"]
[EventRounds "7"]
[EventCountry "GER"]
[SourceTitle "EXT 2022"]
[Source "ChessBase"]
[SourceDate "2021.10.06"]
[SourceVersion "1"]
[SourceVersionDate "2021.10.06"]
[SourceQuality "1"]
[WhiteTeam "Moosburg SC U20"]
[BlackTeam "Weilheim U20"]
[WhiteTeamCountry "GER"]
[BlackTeamCountry "GER"]

1. d4 Nf6 2. c4 g6 3. Nc3 Bg7 4. e4 d6 5. Nf3 Bg4 6. Be2 0-0 7. Be3 Nbd7 8. 0-0 c5 9. d5 Rb8 10. Nd2 Ne5 11. h3 Bxe2 12. Qxe2 a6 13. f4 Ned7 14. Bf2 Qa5 15. Bh4 Kh8 16. e5 dxe5 17. fxe5 Ng8 18. Bg3 e6 19. Nb3 Qd8 20. d6 Nh6 21. Bf4 Nf5 22. Na4 b6 23. Rad1 Kg8 24. g4 Nh4 25. Qe3 f5 26. g5 Qc8 27. Qg3 Qc6 28. Nc3 Nxe5 29. Bxe5 Bxe5 30. Qxh4 Bxd6 31. Qf2 Qc7 32. Qf3 b5 33. cxb5 axb5 34. Kg2 b4 35. Ne2 e5 36. Qd5+ 1-0

[Event "Oberbayern Bezirksliga 1617"]
[Site "Germany"]
[Date "2016.12.04"]
[Round "3.2"]
[White "Goderbauer, Benedikt"]
[Black "Hoffelner, Peter"]
[Result "1/2-1/2"]
[WhiteElo "1953"]
[BlackElo "2022"]
[PlyCount "69"]
[EventDate "2016.10.16"]
[EventType "team-tourn"]
[EventRounds "9"]
[EventCountry "GER"]
[SourceTitle "EXT 2019"]
[Source "ChessBase"]
[SourceDate "2018.10.10"]
[SourceVersion "1"]
[SourceVersionDate "2018.10.10"]
[SourceQuality "1"]
[WhiteTeam "Moosburg SC"]
[BlackTeam "Wolfratshausen"]
[WhiteTeamCountry "GER"]
[BlackTeamCountry "GER"]

1. d4 Nf6 2. c4 e5 3. dxe5 Ng4 4. Bf4 Nc6 5. Nf3 Bb4+ 6. Nbd2 Qe7 7. e3 Ngxe5 8. Be2 Nxf3+ 9. Bxf3 Ne5 10. 0-0 Bxd2 11. Bxe5 Qxe5 12. Qxd2 0-0 13. Qd4 Re8 14. Rfd1 a5 15. Rac1 Ra6 16. c5 Qe7 17. Qf4 Qe5 18. Qxe5 Rxe5 19. c6 bxc6 20. Bxc6 d6 21. a4 Rb6 22. Bb5 c5 23. f4 Re4 24. Rxc5 Bg4 25. Rd2 Kf8 26. Rc3 Ke7 27. Rc7+ Kf6 28. Bc6 Rxe3 29. Rxd6+ Be6 30. Rb7 Reb3 31. f5 Ke5 32. fxe6 Rxb7 33. Rd5+ Kxe6 34. Bxb7 Rxb7 35. Rxa5 1/2-1/2

[Event "GER-ch U14"]
[Site "Oberhof"]
[Date "2013.05.23"]
[Round "7"]
[White "Lagunow, Raphael"]
[Black "Goderbauer, Benedikt"]
[Result "1-0"]
[WhiteElo "1940"]
[BlackElo "1738"]
[PlyCount "81"]
[EventDate "2013.05.19"]
[EventType "swiss"]
[EventRounds "9"]
[EventCountry "GER"]
[SourceTitle "CBM 154 Extra"]
[Source "ChessBase"]
[SourceDate "2013.06.25"]
[SourceVersion "2"]
[SourceVersionDate "2013.06.25"]
[SourceQuality "1"]

1. Nf3 f5 2. d4 Nf6 3. g3 g6 4. Bg2 Bg7 5. 0-0 0-0 6. c4 d6 7. Nc3 c6 8. d5 Qe8 9. Qb3 Na6 10. Be3 Ng4 11. Bd4 f4 12. Bxg7 Kxg7 13. Ne4 Nf6 14. Nfd2 cxd5 15. cxd5 b6 16. Rac1 Nc5 17. Nxc5 bxc5 18. gxf4 Ba6 19. Rfe1 Qf7 20. Rcd1 Rfb8 21. Qc3 Kg8 22. Nb1 Rb4 23. e3 Rab8 24. b3 c4 25. Rd4 R4b6 26. Nd2 cxb3 27. Nxb3 Bb7 28. Red1 Rc8 29. Qa5 Ra6 30. Qd2 Rb6 31. Bh3 Qe8 32. Be6+ Kh8 33. Bxc8 Qxc8 34. f3 Qh3 35. Qg2 Qh5 36. e4 Bc8 37. Rc1 Bh3 38. Qg3 Ra6 39. Rc2 Ra3 40. Rd3 a5 41. Qg5 1-0

[Event "GER-ch U14"]
[Site "Oberhof"]
[Date "2013.05.21"]
[Round "4"]
[White "Goderbauer, Benedikt"]
[Black "Ronge, Tim Hendrick"]
[Result "1/2-1/2"]
[WhiteElo "1738"]
[BlackElo "1604"]
[PlyCount "95"]
[EventDate "2013.05.19"]
[EventType "swiss"]
[EventRounds "9"]
[EventCountry "GER"]
[SourceTitle "CBM 154 Extra"]
[Source "ChessBase"]
[SourceDate "2013.06.25"]
[SourceVersion "2"]
[SourceVersionDate "2013.06.25"]
[SourceQuality "1"]

1. e4 c5 2. Nc3 Nc6 3. Bb5 Nd4 4. Bc4 e6 5. Nge2 a6 6. Nxd4 cxd4 7. Ne2 b5 8. Bb3 d3 9. cxd3 Bb7 10. 0-0 Ne7 11. f4 Nc6 12. f5 Bc5+ 13. Kh1 Qc7 14. Nf4 Bd6 15. Nh5 0-0-0 16. fxe6 fxe6 17. Nxg7 Bxh2 18. Bxe6 Qe5 19. Bh3 Qxg7 20. Kxh2 Rhg8 21. Qe1 Nb4 22. Qe3 Qe5+ 23. Qf4 Qxf4+ 24. Rxf4 Nxd3 25. Rh4 Rg7 26. b3 Rf7 27. Bf5 Re8 28. Rh3 Nf2 29. Rc3+ Kb8 30. d3 Rg8 31. Bf4+ Ka8 32. g3 b4 33. Rc4 Nxd3 34. Rd4 Nxf4 35. gxf4 Rf6 36. Rxb4 Rh6+ 37. Bh3 Rg4 38. Rf1 Rhh4 39. Rd4 Rxf4 40. Rxf4 Rxf4 41. Bf5 Rf2+ 42. Kg3 Rxa2 43. Rxd7 Ra3 44. Rxh7 Rxb3+ 45. Kf4 Rb4 46. Ke3 a5 47. e5 a4 48. Rh2 1/2-1/2

[Event "GER-ch U14"]
[Site "Oberhof"]
[Date "2013.05.20"]
[Round "3"]
[White "Nguyen, Huy Dat"]
[Black "Goderbauer, Benedikt"]
[Result "1-0"]
[WhiteElo "1814"]
[BlackElo "1738"]
[PlyCount "37"]
[EventDate "2013.05.19"]
[EventType "swiss"]
[EventRounds "9"]
[EventCountry "GER"]
[SourceTitle "CBM 154 Extra"]
[Source "ChessBase"]
[SourceDate "2013.06.25"]
[SourceVersion "2"]
[SourceVersionDate "2013.06.25"]
[SourceQuality "1"]

1. e4 c6 2. d4 d5 3. Nc3 dxe4 4. Nxe4 Nd7 5. Ng5 Ngf6 6. Bd3 e6 7. N1f3 Be7 8. Qe2 0-0 9. Bd2 h6 10. h4 c5 11. 0-0-0 cxd4 12. Nxe6 fxe6 13. Qxe6+ Kh8 14. Rde1 Bc5 15. Ng5 Nb6 16. Nf7+ Rxf7 17. Qxf7 Qd7 18. Qg6 Qg4 19. Re8+ 1-0

[Event "GER-ch U14"]
[Site "Oberhof"]
[Date "2013.05.19"]
[Round "1"]
[White "Schmidt, Tobias"]
[Black "Goderbauer, Benedikt"]
[Result "1-0"]
[WhiteElo "1924"]
[BlackElo "1738"]
[PlyCount "109"]
[EventDate "2013.05.19"]
[EventType "swiss"]
[EventRounds "9"]
[EventCountry "GER"]
[SourceTitle "CBM 154 Extra"]
[Source "ChessBase"]
[SourceDate "2013.06.25"]
[SourceVersion "2"]
[SourceVersionDate "2013.06.25"]
[SourceQuality "1"]

1. e4 c6 2. d4 d5 3. Nc3 dxe4 4. Nxe4 Nd7 5. Ng5 Ngf6 6. Bd3 e6 7. N1f3 h6 8. Ne4 Nxe4 9. Bxe4 Nf6 10. Bd3 c5 11. c3 Be7 12. 0-0 0-0 13. dxc5 Bxc5 14. Ne5 Qd5 15. Qe2 b6 16. Rd1 Qb7 17. Bf4 Qe7 18. b4 Nd5 19. Bxh6 gxh6 20. bxc5 bxc5 21. Qg4+ Qg5 22. Qxg5+ hxg5 23. Be4 Bb7 24. Nd7 Rfc8 25. Nf6+ Kg7 26. Nxd5 exd5 27. Bxd5 Bxd5 28. Rxd5 Kf6 29. g3 Rc7 30. Re1 Rb8 31. Ree5 Rb1+ 32. Kg2 c4 33. Rxg5 Rc1 34. Rdf5+ Ke6 35. Rf3 Ra1 36. Ra5 Kd6 37. Rf6+ Ke7 38. Rfa6 Rc1 39. Rxa7 Rxa7 40. Rxa7+ Ke6 41. Ra3 Rc2 42. h4 Kf6 43. g4 Kg6 44. Kg3 f6 45. f3 Kh6 46. Kf4 Kg6 47. h5+ Kh6 48. Kf5 Kg7 49. Ra7+ Kg8 50. Kg6 Kf8 51. Kxf6 Kg8 52. h6 Rd2 53. Re7 Rxa2 54. g5 Rf2 55. h7+ 1-0